ბათუმის შოთა რუსთაველის სახელმწიფო უნივერსიტეტის ბიბლიოთეკა

რკინაბეტონის კონსტრუქციები : (ბიბ.ჩანაწერი № 39140)

000 -ლიდერი
ფიქსირებული სიგრძის საკონტროლო ველი 00966nam a2200229Ia 4500
001 - საკონტროლო ნომერი
საკონტროლო ველი 5723
003 - საკონტროლო ნომრის იდენტიფიკატორი
საკონტროლო ველი GE_BSU
005 - ბოლო ოპერაციის თარიღი და დრო
საკონტროლო ველი 20190425234407.0
008 - ფიქსირებული სიგრძის მონაცემთა ელემენტები - ზოგადი ინფორმაცია
ფიქსირებული სიგრძის საკონტროლო ველი 181216s1988||||ge |||||||||||||| ||geo||
040 ## - კატალოგიზაციის წყარო
Transcribing agency GE_BSU
041 ## - ენის კოდი
Language code of text/sound track or separate title geo
080 ## - უნივერსალური ათობითი კლასიფიკაციის ინდექსი
Universal Decimal Classification number 624.012.4(075.8) ნ-67
100 ## - მთავარი ჩანაწერი - პიროვნების სახელი
Personal name ნინუა, ნ.
9 (RLIN) 402
245 ## - ცნობა სათაურის შესახებ
Title რკინაბეტონის კონსტრუქციები :
Remainder of title სახელმძღვ. / ნ. ნინუა ; რედ. ლ. ჩიკვილაძე.
260 ## - გამოქვეყნების, გავრცელების, და სხვა. ცნობები
Date of publication, distribution, etc .
264 ## - წარმოების, გამოცემის, დისტრიბუციის და სხვა ცნობები
გამოცემის, წარმოების, დისტრიბუციის... ადგილი თბილისი :
გამოცემის, წარმოების, დისტრიბუციის... სახელწოდება განათლება,
გამოცემის, წარმოების, დისტრიბუციის... თარიღი 1988
300 ## - ფიზიკური აღწერა
Extent 579 გვ. :
Other physical details ნახაზები, დანართები გვ.516-570 ;
Dimensions 27 სმ.
504 ## - BIBLIOGRAPHY, ETC. NOTE
Bibliography, etc ბიბლიოგრ. : გვ. 575-577.
653 ## - INDEX TERM--UNCONTROLLED
Uncontrolled term რკინაბეტონის კონსტრუქციები
700 ## - ADDED ENTRY--PERSONAL NAME
Personal name ჩიქვილაძე, ლ.
Relator term რედაქტორი
9 (RLIN) 490
942 ## - ADDED ENTRY ELEMENTS (KOHA)
Koha item type წიგნი
Source of classification or shelving scheme
ეგზემპლარები
ჩამოწერის სტატუსი დაკარგული ეგზემპლარის სტატუსი კლასიფიკაციის წყარო ან თაროზე გაწყობის სქემა დაზიანების სტატუსი არ გაიცემა მუდმივი მდებარეობა (დაცვის ადგილი) ამჟამინდელი ადგილსამყოფელი თაროზე განთავსების ადგილი შეძენის თარიღი ღირებულება, შესყიდვის ნორმალური ფასი სრული შენახვის შიფრი შტრიხკოდი ბოლო ოპერაციის თარიღი ეგზემპლარის მიმდევრობითი ნომერი (კეტერი?) ფასის ძალაში შესვლის თარიღი ეგზემპლარის სახეობა საჯარო შენიშვნა
          ბათუმის შოთა რუსთაველის სახელმწიფო უნივერსიტეტის მთავარი ბიბლიოთეკა ტექნოლოგიური ფაკულტეტის ბიბლიოთეკა წიგნსაცავი 2018-12-17 3.40 624.012.4(075.8) ნ-67 11410 2018-12-17 11410 2018-12-17 წიგნი 3,40 ლ.
          ბათუმის შოთა რუსთაველის სახელმწიფო უნივერსიტეტის მთავარი ბიბლიოთეკა ტექნოლოგიური ფაკულტეტის ბიბლიოთეკა წიგნსაცავი 2018-12-17 3.40 624.012.4(075.8) ნ-67 11411 2018-12-17 11411 2018-12-17 წიგნი 3.40 ლ.
          ბათუმის შოთა რუსთაველის სახელმწიფო უნივერსიტეტის მთავარი ბიბლიოთეკა ტექნოლოგიური ფაკულტეტის ბიბლიოთეკა წიგნსაცავი 2018-12-17 3.40 624.012.4(075.8) ნ-67 11412 2018-12-17 11412 2018-12-17 წიგნი 3.40 ლ.
          ბათუმის შოთა რუსთაველის სახელმწიფო უნივერსიტეტის მთავარი ბიბლიოთეკა ტექნოლოგიური ფაკულტეტის ბიბლიოთეკა წიგნსაცავი 2018-12-17 3.40 624.012.4(075.8) ნ-67 11413 2018-12-17 11413 2018-12-17 წიგნი 3.40 ლ.
          ბათუმის შოთა რუსთაველის სახელმწიფო უნივერსიტეტის მთავარი ბიბლიოთეკა ტექნოლოგიური ფაკულტეტის ბიბლიოთეკა წიგნსაცავი 2018-12-17 3.40 624.012.4(075.8) ნ-67 11414 2018-12-17 11414 2018-12-17 წიგნი 3.40 ლ.
          ბათუმის შოთა რუსთაველის სახელმწიფო უნივერსიტეტის მთავარი ბიბლიოთეკა ტექნოლოგიური ფაკულტეტის ბიბლიოთეკა წიგნსაცავი 2018-12-17 3.40 624.012.4(075.8) ნ-67 11415 2018-12-17 11415 2018-12-17 წიგნი 3.40 ლ.
          ბათუმის შოთა რუსთაველის სახელმწიფო უნივერსიტეტის მთავარი ბიბლიოთეკა ტექნოლოგიური ფაკულტეტის ბიბლიოთეკა წიგნსაცავი 2018-12-17 3.40 624.012.4(075.8) ნ-67 11416 2018-12-17 11416 2018-12-17 წიგნი 3.40 ლ.
          ბათუმის შოთა რუსთაველის სახელმწიფო უნივერსიტეტის მთავარი ბიბლიოთეკა ტექნოლოგიური ფაკულტეტის ბიბლიოთეკა წიგნსაცავი 2018-12-17 3.40 624.012.4(075.8) ნ-67 11417 2018-12-17 11417 2018-12-17 წიგნი 3.40 ლ.